00908nam a2200241Ia 4500001000600000003000900006008004100015040001300056040001300069041001300082100002100095100002900116245001900145245001900164250001100183260001200194260001500206260004900221300005700270500028000327650002800607650003100635C3688IT-RoPAU130308s9999 xx 000 0 und d aIT-RoPAU cIT-RoPAU aITALIANO aPezzotta Alberto gCodice Aut. SPICS: 21652 aClint Eastwood bClint Eastwood a1a ed. aFIRENZE bIl Castoro c1994 [1° Ed.:1994 - Ed.Ling.Originale:1994] a"144 p. (prefazione: no ; testo: 144 [pagine: 0-0])" aVita e Opere del Grande Attore e regista Americano nato a San Francisco nel 1930. Eroe solitario e Poliziotto Nichilista è Diventato L'Erede Riconosciuto del Cinema classico Americano. Filmografia Tecnica dei Suoi Film da regista e da Interprete. Videografia. Bibliografia. aAUTORI/OPERE DEL CINEMA eCodice materia Spics: 6807